[Event "16. Torneo San Viator - Grupo B"]
[Site "Madrid ESP"]
[Date "2016.04.24"]
[Round "4.26"]
[White "Lopez Nunez, Alonso"]
[Black "Suarez Arellano, Jorge"]
[Result "0-1"]
[WhiteElo "1304"]
[BlackElo "1498"]
[PlyCount "66"]
[EventDate "2016.04.03"]
[EventType "swiss"]
[EventRounds "9"]
[EventCountry "ESP"]
[Source "lmi"]
[SourceDate "2016.04.03"]

1. e4 e6 2. d4 d5 3. exd5 exd5 4. Bd3 Nf6 5. c3 Bd6 6. Nf3 O-O 7. O-O Bg4 8. h3
Bh5 9. Re1 Nbd7 10. Be3 Ne4 11. c4 c6 12. c5 Be7 13. Be2 b6 14. cxb6 Qxb6 15.
Qc2 Rac8 16. Nc3 Bg6 17. Bd3 f5 18. Bf4 c5 19. Nxd5 Qe6 20. Nxe7+ Qxe7 21. Bc4+
Kh8 22. d5 Nb6 23. Nd2 Qh4 24. Nxe4 fxe4 25. Be3 Rf6 26. Rac1 Nd7 27. Qd2 Rf5
28. Bf1 Ne5 29. Rxc5 Rxc5 30. Bxc5 Rg5 31. Qb4 Nf3+ 32. Kh1 Qxh3+ 33. gxh3 Rg1#
0-1

[Event "16. Torneo San Viator - Grupo B"]
[Site "Madrid ESP"]
[Date "2016.04.24"]
[Round "4.27"]
[White "Amador Andujar, Alfredo"]
[Black "Vallespin Morales, Antonio"]
[Result "1-0"]
[WhiteElo "1471"]
[BlackElo "1257"]
[PlyCount "51"]
[EventDate "2016.04.03"]
[EventType "swiss"]
[EventRounds "9"]
[EventCountry "ESP"]
[Source "lmi"]
[SourceDate "2016.04.03"]

1. e4 c5 2. Nc3 e6 3. Bc4 a6 4. d3 b5 5. Bb3 Qc7 6. Qe2 Bb7 7. f4 Be7 8. Nf3
Nf6 9. O-O O-O 10. e5 Nd5 11. Nxd5 Bxd5 12. Bxd5 exd5 13. c3 Nc6 14. Bd2 Rfe8
15. Rfe1 d4 16. cxd4 Nxd4 17. Nxd4 cxd4 18. Rac1 Qd8 19. Rc2 Rc8 20. Rec1 Rxc2
21. Rxc2 f6 22. Qe4 fxe5 23. Qd5+ Kh8 24. fxe5 d6 25. e6 Bg5 26. Bxg5 1-0

[Event "16. Torneo San Viator - Grupo B"]
[Site "Madrid ESP"]
[Date "2016.04.24"]
[Round "4.31"]
[White "Bermejo Jimenez, Adolfo"]
[Black "Martinez Pintor, Juan"]
[Result "0-1"]
[WhiteElo "1387"]
[BlackElo "1660"]
[PlyCount "40"]
[EventDate "2016.04.03"]
[EventType "swiss"]
[EventRounds "9"]
[EventCountry "ESP"]
[Source "lmi"]
[SourceDate "2016.04.03"]

1. e4 e6 2. d4 d5 3. exd5 exd5 4. c4 c6 5. Bd3 Bd6 6. Qf3 Nf6 7. Bg5 Bb4+ 8.
Nc3 Qa5 9. Qe3+ Be6 10. Nge2 Nbd7 11. O-O O-O 12. c5 Rad8 13. a3 Bxc3 14. bxc3
b6 15. Nf4 Rfe8 16. Nxe6 Rxe6 17. Qh3 Rde8 18. cxb6 axb6 19. Bf5 Re2 20. Bxd7
Nxd7 0-1

[Event "16. Torneo San Viator - Grupo B"]
[Site "Madrid ESP"]
[Date "2016.04.24"]
[Round "4.32"]
[White "Lopez Martin, Israel"]
[Black "Ramos Barbancho, Jose Manuel"]
[Result "0-1"]
[WhiteElo "1583"]
[BlackElo "1381"]
[PlyCount "56"]
[EventDate "2016.04.03"]
[EventType "swiss"]
[EventRounds "9"]
[EventCountry "ESP"]
[Source "lmi"]
[SourceDate "2016.04.03"]

1. e4 c5 2. Nf3 Nc6 3. Bc4 e6 4. c3 Nf6 5. d3 a6 6. a3 d5 7. exd5 exd5 8. Ba2
Be6 9. O-O Be7 10. Nbd2 O-O 11. Qc2 Rc8 12. Ng5 h6 13. Nxe6 fxe6 14. Nf3 Qc7
15. Re1 e5 16. d4 exd4 17. Qg6 Kh8 18. Bb1 Bd6 19. Nh4 Qf7 20. Qc2 Rfe8 21. Qd1
Rxe1+ 22. Qxe1 Re8 23. Qd1 Qh5 24. Ng6+ Kg8 25. f3 Qxh2+ 26. Kf1 Bg3 27. Ne7+
Rxe7 28. Bh7+ Nxh7 0-1

[Event "16. Torneo San Viator - Grupo B"]
[Site "Madrid ESP"]
[Date "2016.04.24"]
[Round "4.33"]
[White "Andradas Encabo, Victor"]
[Black "Martin Rodriguez, Jose Luis"]
[Result "1-0"]
[WhiteElo "1508"]
[BlackElo "1353"]
[PlyCount "65"]
[EventDate "2016.04.03"]
[EventType "swiss"]
[EventRounds "9"]
[EventCountry "ESP"]
[Source "lmi"]
[SourceDate "2016.04.03"]

1. e4 e6 2. d4 d5 3. Nc3 Nf6 4. Bg5 dxe4 5. Bxf6 Qxf6 6. Nxe4 Qf5 7. Bd3 Qa5+
8. c3 Be7 9. Qg4 O-O 10. Qg3 Nc6 11. Nf3 h6 12. O-O Bd7 13. b4 Qb6 14. a4 a5
15. b5 Nd8 16. c4 c5 17. dxc5 Bxc5 18. Nf6+ Kh8 19. Nxd7 Qd6 20. Qxd6 Bxd6 21.
Nxf8 Bxf8 22. Rfd1 Bc5 23. Ne5 Kg8 24. Nd7 Be7 25. Rac1 f6 26. Be4 Kf7 27. c5
Rc8 28. c6 bxc6 29. bxc6 Rc7 30. Nb6 Ke8 31. Na8 Rc8 32. c7 Nf7 33. Nb6 1-0

[Event "16. Torneo San Viator - Grupo B"]
[Site "Madrid ESP"]
[Date "2016.04.24"]
[Round "4.34"]
[White "Lopez Valenciano, Rafael"]
[Black "Mora Gonzalez-Rojas, Francisco"]
[Result "1/2-1/2"]
[WhiteElo "1505"]
[BlackElo "1253"]
[PlyCount "91"]
[EventDate "2016.04.03"]
[EventType "swiss"]
[EventRounds "9"]
[EventCountry "ESP"]
[Source "lmi"]
[SourceDate "2016.04.03"]

1. d4 d5 2. Bf4 Nf6 3. Nf3 Nc6 4. c3 e6 5. e3 Bd6 6. Ne5 O-O 7. Bd3 Ne7 8. Qc2
a6 9. Nd2 g6 10. Ndf3 Nh5 11. Bh6 Re8 12. Ng5 Bxe5 13. dxe5 Nf5 14. Bxf5 exf5
15. f4 f6 16. Nf3 Ng7 17. O-O-O fxe5 18. Nxe5 Be6 19. Rhe1 Qh4 20. Bg5 Qh5 21.
Qe2 Qxe2 22. Rxe2 c6 23. Rg1 Rac8 24. Kb1 c5 25. Rge1 c4 26. Nf3 b5 27. Bf6 Kf7
28. Bxg7 Kxg7 29. h4 h5 30. a3 Bf7 31. Nd4 Re4 32. Nf3 Rb8 33. Rd1 b4 34. Ng5
Ree8 35. Nxf7 Kxf7 36. Rxd5 Red8 37. Rxd8 Rxd8 38. Kc2 Ke6 39. Rd2 Rxd2+ 40.
Kxd2 Kd5 41. Ke2 Ke4 42. Kd2 Kd5 43. Ke2 Ke4 44. Kd2 Kd5 45. Ke2 Ke4 46. g3
1/2-1/2

[Event "16. Torneo San Viator - Grupo B"]
[Site "Madrid ESP"]
[Date "2016.04.24"]
[Round "4.35"]
[White "Aranda Alcocer, Aurelio"]
[Black "Garcia Cuadrado, Raul"]
[Result "1/2-1/2"]
[WhiteElo "1375"]
[BlackElo "1494"]
[PlyCount "65"]
[EventDate "2016.04.03"]
[EventType "swiss"]
[EventRounds "9"]
[EventCountry "ESP"]
[Source "lmi"]
[SourceDate "2016.04.03"]

1. d4 d5 2. Bf4 Nf6 3. Nf3 Nh5 4. Bg3 Nxg3 5. hxg3 Bg4 6. e3 h6 7. Qd3 Nd7 8.
Nbd2 e6 9. Be2 c5 10. c3 Bf5 11. e4 Bh7 12. Qe3 cxd4 13. Nxd4 dxe4 14. Nxe4 Be7
15. Bd3 O-O 16. f4 Qb6 17. O-O-O Nc5 18. Nxc5 Qxc5 19. Bxh7+ Kxh7 20. Qe4+ Kg8
21. g4 e5 22. Rh5 Qd6 23. Nf5 Qe6 24. Nxe7+ Qxe7 25. g5 Qe6 26. Rdh1 exf4 27.
Qxf4 Rad8 28. gxh6 g6 29. h7+ Kg7 30. Qh6+ Kh8 31. R5h3 Qxa2 32. Kc2 Qa4+ 33.
Kb1 1/2-1/2

[Event "16. Torneo San Viator - Grupo B"]
[Site "Madrid ESP"]
[Date "2016.04.24"]
[Round "4.36"]
[White "Del Rio Garay, Felipe"]
[Black "Torrecillas Adan, Luis"]
[Result "0-1"]
[WhiteElo "1339"]
[BlackElo "1474"]
[PlyCount "56"]
[EventDate "2016.04.03"]
[EventType "swiss"]
[EventRounds "9"]
[EventCountry "ESP"]
[Source "lmi"]
[SourceDate "2016.04.03"]

1. d4 d5 2. c4 c6 3. g3 Bf5 4. Bg2 e6 5. Nf3 h6 6. Ne5 Nd7 7. Bf4 g5 8. Nxd7
gxf4 9. Nxf8 Bxb1 10. Nxe6 fxe6 11. Qxb1 Qf6 12. Qd3 fxg3 13. hxg3 O-O-O 14.
Bh3 dxc4 15. Qxc4 Rxd4 16. Qxe6+ Kc7 17. e3 Rd8 18. Rd1 Rxd1+ 19. Kxd1 Qf3+ 20.
Kd2 Qxh1 21. Qc8+ Kb6 22. Be6 Qf3 23. Qd8+ Ka6 24. Bc4+ b5 25. Be6 Qxf2+ 26.
Kd3 Qf1+ 27. Ke4 Nf6+ 28. Ke5 Rxd8 0-1

[Event "16. Torneo San Viator - Grupo B"]
[Site "Madrid ESP"]
[Date "2016.04.24"]
[Round "4.37"]
[White "Trapero Bueno, Vicente"]
[Black "Gonzalez Morente, Jose A"]
[Result "0-1"]
[WhiteElo "1231"]
[BlackElo "1463"]
[PlyCount "58"]
[EventDate "2016.04.03"]
[EventType "swiss"]
[EventRounds "9"]
[EventCountry "ESP"]
[Source "lmi"]
[SourceDate "2016.04.03"]

1. d4 Nf6 2. c4 g6 3. Nc3 Bg7 4. e4 d6 5. Nf3 O-O 6. Be2 e5 7. O-O exd4 8. Nxd4
Re8 9. Bg5 Nbd7 10. Qd2 Nc5 11. Bf3 a5 12. Rfe1 c6 13. h4 Qc7 14. b4 axb4 15.
Nb1 Nfxe4 16. Bxe4 Nxe4 17. Qxb4 Bxd4 18. Nd2 Bxf2+ 19. Kf1 Bxe1 20. Rxe1 Ng3+
21. Kf2 Rxe1 22. Qc3 Re5 23. Kxg3 Rxg5+ 24. hxg5 Qe7 25. Nf3 Bf5 26. a3 Be4 27.
Qe3 Re8 28. Qf4 Bxf3 29. gxf3 Qe5 0-1

[Event "16. Torneo San Viator - Grupo B"]
[Site "Madrid ESP"]
[Date "2016.04.24"]
[Round "4.47"]
[White "Jimenez Sanchez, Juan Daniel"]
[Black "Barrios Cardona, Jose"]
[Result "1-0"]
[WhiteElo "1322"]
[BlackElo "1493"]
[PlyCount "63"]
[EventDate "2016.04.03"]
[EventType "swiss"]
[EventRounds "9"]
[EventCountry "ESP"]
[Source "lmi"]
[SourceDate "2016.04.03"]

1. d4 Nf6 2. c4 g6 3. Nf3 Bg7 4. e3 d5 5. Bd3 O-O 6. O-O c6 7. Nc3 Bg4 8. h3
Be6 9. b3 Nbd7 10. Ng5 Qa5 11. Nxe6 fxe6 12. Bd2 Qc7 13. Qc1 c5 14. Re1 a6 15.
Ne2 Rac8 16. f3 Qb6 17. e4 cxd4 18. Bh6 Ne5 19. Rd1 dxe4 20. fxe4 Nxd3 21. Rxd3
e5 22. Ng3 Qc6 23. Bxg7 Kxg7 24. Qe1 h5 25. Nf5+ gxf5 26. Qg3+ Kf7 27. Qxe5
fxe4 28. Rxd4 Rg8 29. Rf1 e3 30. Qxh5+ Ke6 31. Qe2 Nh5 32. Qxe3+ 1-0

[Event "16. Torneo San Viator - Grupo B"]
[Site "Madrid ESP"]
[Date "2016.04.24"]
[Round "4.48"]
[White "Arias Bellido, Santiago"]
[Black "Duma, Mihaela"]
[Result "1-0"]
[WhiteElo "1324"]
[BlackElo "1037"]
[PlyCount "63"]
[EventDate "2016.04.03"]
[EventType "swiss"]
[EventRounds "9"]
[EventCountry "ESP"]
[Source "lmi"]
[SourceDate "2016.04.03"]

1. e4 Nc6 2. Nf3 e5 3. d4 exd4 4. Nxd4 d5 5. Nxc6 bxc6 6. exd5 cxd5 7. Bb5+ Bd7
8. Bxd7+ Qxd7 9. O-O Nf6 10. Re1+ Be7 11. Nc3 O-O 12. Bg5 Rfe8 13. Bxf6 Bxf6
14. Qxd5 Qd6 15. Qxd6 cxd6 16. g3 Re6 17. Rxe6 fxe6 18. Re1 e5 19. Rd1 Rb8 20.
b3 Be7 21. Ne4 Rb6 22. Kg2 g5 23. h3 Kf7 24. Nc3 Rc6 25. Rd3 Kg6 26. Nd5 Bf8
27. c4 e4 28. Re3 Kf5 29. g4+ Ke5 30. f3 Kd4 31. Rxe4+ Kd3 32. Nb4+ 1-0

[Event "16. Torneo San Viator - Grupo B"]
[Site "Madrid ESP"]
[Date "2016.05.08"]
[Round "5.1"]
[White "Bellagamba, Pascal"]
[Black "Llases Gonzalez, Luis"]
[Result "0-1"]
[WhiteElo "1671"]
[BlackElo "1614"]
[PlyCount "62"]
[EventDate "2016.04.03"]
[EventType "swiss"]
[EventRounds "9"]
[EventCountry "ESP"]
[Source "lmi"]
[SourceDate "2016.04.03"]

1. Nf3 d5 2. b3 Nf6 3. Bb2 Bg4 4. d3 e6 5. Nbd2 Nbd7 6. g3 Bd6 7. Bg2 c6 8. O-O
Qe7 9. c4 O-O 10. Re1 e5 11. e4 d4 12. h3 Bxf3 13. Nxf3 b5 14. cxb5 cxb5 15.
Qe2 Bb4 16. Rec1 Rac8 17. Ne1 Qd6 18. Rc2 Bc3 19. Rac1 b4 20. Nf3 Rc6 21. Nd2
Nb6 22. h4 Rfc8 23. Nc4 Nxc4 24. bxc4 Ra6 25. Bxc3 bxc3 26. Rb1 Kf8 27. Qd1 Rd8
28. Bh3 Rb6 29. Rbc1 Qa3 30. Ra1 Rb2 31. Qc1 Qa4 0-1

[Event "16. Torneo San Viator - Grupo B"]
[Site "Madrid ESP"]
[Date "2016.05.08"]
[Round "5.2"]
[White "Guerrero Gonzalez, Francisco"]
[Black "Yaniz Lana, Francisco Javier"]
[Result "1-0"]
[WhiteElo "1699"]
[BlackElo "1575"]
[PlyCount "67"]
[EventDate "2016.04.03"]
[EventType "swiss"]
[EventRounds "9"]
[EventCountry "ESP"]
[Source "lmi"]
[SourceDate "2016.04.03"]

1. d4 Nf6 2. c4 e6 3. Nf3 d5 4. Bg5 Be7 5. e3 O-O 6. Nc3 b6 7. cxd5 Nxd5 8.
Nxd5 exd5 9. Bxe7 Qxe7 10. Rc1 Be6 11. g3 c5 12. Bg2 cxd4 13. Qxd4 Qd7 14. O-O
Nc6 15. Qa4 Rac8 16. Rfd1 Qb7 17. Ng5 h6 18. Nxe6 fxe6 19. e4 b5 20. Qb3 Qf7
21. f4 Nd4 22. Qd3 e5 23. Rxc8 Rxc8 24. fxe5 Nc2 25. exd5 Qc7 26. d6 Qc5+ 27.
Kh1 Ne3 28. Re1 Ng4 29. Qd5+ Kf8 30. Qf3+ Nf6 31. exf6 Qb4 32. fxg7+ Kxg7 33.
Re7+ Kg8 34. Qf7+ 1-0

[Event "16. Torneo San Viator - Grupo B"]
[Site "Madrid ESP"]
[Date "2016.05.08"]
[Round "5.3"]
[White "Arias Martinez, Ivan"]
[Black "Lopez Nunez, Roberto"]
[Result "0-1"]
[WhiteElo "1642"]
[BlackElo "1482"]
[PlyCount "164"]
[EventDate "2016.04.03"]
[EventType "swiss"]
[EventRounds "9"]
[EventCountry "ESP"]
[Source "lmi"]
[SourceDate "2016.04.03"]

1. e4 c5 2. Nf3 d6 3. d4 cxd4 4. Nxd4 Nf6 5. Nc3 a6 6. Bc4 e5 7. Nde2 Be7 8. f3
O-O 9. Nd5 Nxd5 10. Bxd5 Qc7 11. Be3 Be6 12. Nc3 Nd7 13. O-O Nb6 14. Bb3 Nc4
15. Bxc4 Bxc4 16. Nd5 Bxd5 17. Qxd5 Rac8 18. c3 b5 19. a4 Qc6 20. Qxc6 Rxc6 21.
axb5 axb5 22. Ra7 Bf6 23. Rb7 b4 24. Rxb4 Ra8 25. Rd1 Be7 26. Rb7 Bf8 27. Ra7
Rb8 28. Bc1 Rc4 29. Rd5 Rcc8 30. Kf2 Rb3 31. Rda5 Rcb8 32. Ke2 g6 33. Rd7 R8b7
34. Ra7 Rxd7 35. Rxd7 Kg7 36. Kd3 Kf6 37. h4 Ke6 38. Rd8 Be7 39. Rh8 h5 40. g3
Rb5 41. Ra8 d5 42. Ra6+ Bd6 43. b4 f5 44. Ra5 dxe4+ 45. fxe4 Rxa5 46. bxa5 Kd7
47. a6 Kc6 48. Be3 f4 49. gxf4 exf4 50. Bf2 Be7 51. a7 Kb7 52. e5 g5 53. hxg5
Bxg5 54. Ke4 h4 55. Kf5 h3 56. Bg1 f3 57. Kxg5 h2 58. Bxh2 f2 59. e6 f1=Q 60.
Bb8 Qf8 61. Kg6 Qe7 62. Kf5 Qc5+ 63. Kf6 Qxc3+ 64. Kf7 Qf3+ 65. Kg6 Qf8 66. Kg5
Qf3 67. e7 Qf7 68. e8=Q Qxe8 69. Kf4 Qe2 70. Kf5 Qe3 71. Kf6 Qe4 72. Kf7 Qf5+
73. Ke7 Qg6 74. Kf8 Qe6 75. Kg7 Qf5 76. Kh6 Qg4 77. Kh7 Qg5 78. Kh8 Qg6 79. Bf4
Kxa7 80. Bc1 Qg4 81. Bb2 Kb7 82. Kh7 Kb6 0-1

[Event "16. Torneo San Viator - Grupo B"]
[Site "Madrid ESP"]
[Date "2016.05.08"]
[Round "5.4"]
[White "Correas Aguilera, Eufemio"]
[Black "Boria Jimenez, Cesar"]
[Result "1-0"]
[WhiteElo "1639"]
[BlackElo "1558"]
[PlyCount "83"]
[EventDate "2016.04.03"]
[EventType "swiss"]
[EventRounds "9"]
[EventCountry "ESP"]
[Source "lmi"]
[SourceDate "2016.04.03"]

1. Nf3 Nf6 2. c4 e6 3. g3 Be7 4. Bg2 d5 5. O-O O-O 6. b3 b6 7. Bb2 Bb7 8. e3 c5
9. Nc3 Nc6 10. cxd5 Nxd5 11. Nxd5 Qxd5 12. d4 Rfd8 13. Ne5 Qd6 14. Qh5 Nxe5 15.
Bxb7 Rab8 16. dxe5 Qd2 17. Rab1 Rxb7 18. Rfd1 Qb4 19. Rxd8+ Bxd8 20. Rd1 Be7
21. Qf3 Rb8 22. Rd7 c4 23. a3 Qxb3 24. Rxe7 Rf8 25. Bd4 Qxa3 26. Rc7 Qa6 27.
Qc6 g6 28. Qxc4 Qa5 29. Rb7 Kg7 30. Qc7 Qe1+ 31. Kg2 Qb1 32. Rxa7 Qe4+ 33. f3
Qd3 34. Qb7 Qe2+ 35. Kh3 Qf1+ 36. Kg4 h5+ 37. Kf4 Kh6 38. Qe7 Rg8 39. Qg5+ Kg7
40. Qf6+ Kh6 41. Rxf7 Qd3 42. Qg5# 1-0

[Event "16. Torneo San Viator - Grupo B"]
[Site "Madrid ESP"]
[Date "2016.05.08"]
[Round "5.5"]
[White "Iriarte Gomez, Enrique"]
[Black "Castro Uceda, Jose Antonio"]
[Result "1-0"]
[WhiteElo "1720"]
[BlackElo "1558"]
[PlyCount "57"]
[EventDate "2016.04.03"]
[EventType "swiss"]
[EventRounds "9"]
[EventCountry "ESP"]
[Source "lmi"]
[SourceDate "2016.04.03"]

1. d4 Nf6 2. Bg5 e6 3. e4 h6 4. Bxf6 Qxf6 5. e5 Qe7 6. c3 a6 7. Bd3 Qg5 8. Nf3
Qxg2 9. Rg1 Qh3 10. Nbd2 d5 11. Nf1 Bd7 12. Qe2 Nc6 13. Ne3 g5 14. Rg3 Qh5 15.
Ng4 Be7 16. O-O-O Na7 17. Ng1 O-O-O 18. Rh3 Qxh3 19. Nxh3 Bb5 20. Qf3 Rdf8 21.
Nf6 Bc6 22. Nh7 f5 23. Bxf5 Rf7 24. Bg6 Rfxh7 25. Bxh7 Rxh7 26. Qf8+ Kd7 27.
Qxh6 g4 28. Nf4 Bb5 29. Re1 1-0

[Event "16. Torneo San Viator - Grupo B"]
[Site "Madrid ESP"]
[Date "2016.05.08"]
[Round "5.6"]
[White "Urbelz Perez, Ignacio"]
[Black "Chislia, Mihai"]
[Result "1-0"]
[WhiteElo "1513"]
[BlackElo "1683"]
[PlyCount "51"]
[EventDate "2016.04.03"]
[EventType "swiss"]
[EventRounds "9"]
[EventCountry "ESP"]
[Source "lmi"]
[SourceDate "2016.04.03"]

1. e4 c5 2. Nf3 e6 3. d3 a6 4. a4 b6 5. g3 Bb7 6. Bg2 Qc7 7. Nbd2 d6 8. O-O Nf6
9. Re1 Nbd7 10. Nc4 b5 11. axb5 axb5 12. Rxa8+ Bxa8 13. e5 Nd5 14. Nxd6+ Bxd6
15. exd6 Qxd6 16. Ng5 O-O 17. Ne4 Qb6 18. Bg5 h6 19. Bxh6 gxh6 20. Qg4+ Kh7 21.
Ng5+ hxg5 22. Qh5+ Kg8 23. Qxg5+ Kh8 24. Qh6+ Kg8 25. Re4 f5 26. Qg6+ 1-0

[Event "16. Torneo San Viator - Grupo B"]
[Site "Madrid ESP"]
[Date "2016.05.08"]
[Round "5.7"]
[White "Cortijo Manso, Luis"]
[Black "Mateos Cordero, Francisco"]
[Result "0-1"]
[WhiteElo "1504"]
[BlackElo "1623"]
[PlyCount "100"]
[EventDate "2016.04.03"]
[EventType "swiss"]
[EventRounds "9"]
[EventCountry "ESP"]
[Source "lmi"]
[SourceDate "2016.04.03"]

1. Nf3 d5 2. d4 Nf6 3. g3 e6 4. Bg2 Be7 5. O-O O-O 6. c4 c6 7. Nc3 Nbd7 8. Re1
b6 9. cxd5 cxd5 10. Bf4 Nh5 11. Bd2 Nhf6 12. Bf4 Bb7 13. a3 Rc8 14. Nb5 a6 15.
Nd6 Bxd6 16. Bxd6 Re8 17. Bf4 Rc6 18. Rc1 Rc4 19. Ne5 Nxe5 20. Bxe5 Qa8 21. Qd2
Nd7 22. Rxc4 dxc4 23. Bxb7 Qxb7 24. Bf4 Rc8 25. Rc1 Nf6 26. f3 Nd5 27. e4 Nxf4
28. Qxf4 h6 29. Qd2 b5 30. d5 exd5 31. Qxd5 Qb6+ 32. Kg2 Rd8 33. Qe5 Rd2+ 34.
Kh3 Qf2 35. b3 h5 36. Qxh5 Qxh2+ 37. Kg4 Qxh5+ 38. Kxh5 cxb3 39. Rb1 Rd3 40.
Kg4 a5 41. f4 a4 42. e5 Rd2 43. f5 Rd4+ 44. Kf3 b4 45. Ke3 Rc4 46. e6 fxe6 47.
fxe6 bxa3 48. e7 Rc8 49. Rd1 Re8 50. Rd8 Kf7 0-1

[Event "16. Torneo San Viator - Grupo B"]
[Site "Madrid ESP"]
[Date "2016.05.08"]
[Round "5.8"]
[White "Giron Herranz, Juan"]
[Black "Marquez Leon, Juan A"]
[Result "0-1"]
[WhiteElo "1163"]
[BlackElo "1588"]
[PlyCount "44"]
[EventDate "2016.04.03"]
[EventType "swiss"]
[EventRounds "9"]
[EventCountry "ESP"]
[Source "lmi"]
[SourceDate "2016.04.03"]

1. d4 d5 2. c4 c6 3. c5 g6 4. Nf3 Bg7 5. Nc3 Nf6 6. Bg5 b6 7. Rb1 bxc5 8. dxc5
Bf5 9. Rc1 Qa5 10. Ne5 Ne4 11. Qd4 Nxg5 12. f4 Ne6 13. Qd2 Bxe5 14. fxe5 Nxc5
15. Qd4 Ne6 16. Qh4 d4 17. b4 Qxb4 18. e3 g5 19. Qf2 Bg6 20. exd4 Qxd4 21. Qg3
Nd7 22. Be2 Qxe5 0-1

[Event "16. Torneo San Viator - Grupo B"]
[Site "Madrid ESP"]
[Date "2016.05.08"]
[Round "5.9"]
[White "Perez Gonzalez, Manuel"]
[Black "Del Rio Perezagua, Mario"]
[Result "1/2-1/2"]
[WhiteElo "1580"]
[BlackElo "1457"]
[PlyCount "66"]
[EventDate "2016.04.03"]
[EventType "swiss"]
[EventRounds "9"]
[EventCountry "ESP"]
[Source "lmi"]
[SourceDate "2016.04.03"]

1. e4 c5 2. Nc3 d6 3. g3 Nf6 4. Bg2 g6 5. f4 Bg7 6. Nf3 O-O 7. O-O Nc6 8. d3
Rb8 9. Rb1 b5 10. Bd2 b4 11. Ne2 Nd7 12. g4 a5 13. Ng3 Ba6 14. b3 a4 15. g5 Nd4
16. h4 axb3 17. axb3 Qc7 18. h5 Rfc8 19. hxg6 hxg6 20. f5 d5 21. Ne2 Nxe2+ 22.
Qxe2 c4 23. bxc4 dxc4 24. Bxb4 cxd3 25. cxd3 Rxb4 26. Rxb4 Qc5+ 27. Kh1 Qxb4
28. fxg6 fxg6 29. Qa2+ Bc4 30. dxc4 Qxc4 31. Qxc4+ Rxc4 32. Rd1 Ne5 33. Kg1 Rc5
1/2-1/2

[Event "16. Torneo San Viator - Grupo B"]
[Site "Madrid ESP"]
[Date "2016.05.08"]
[Round "5.10"]
[White "Blanco Ruiz, Cesar"]
[Black "Simon Escalona, Irene"]
[Result "0-1"]
[WhiteElo "1559"]
[BlackElo "1423"]
[PlyCount "100"]
[EventDate "2016.04.03"]
[EventType "swiss"]
[EventRounds "9"]
[EventCountry "ESP"]
[Source "lmi"]
[SourceDate "2016.04.03"]

1. d4 e6 2. e4 b6 3. Nf3 Bb7 4. Bd3 c5 5. c3 Be7 6. O-O d5 7. e5 Nc6 8. Re1 Rc8
9. Bf4 cxd4 10. cxd4 Nb4 11. Bb5+ Bc6 12. Bxc6+ Nxc6 13. a3 Na5 14. Nc3 Qd7 15.
Rc1 Nc4 16. Qb3 a6 17. Nd2 b5 18. Red1 h5 19. Nxc4 Rxc4 20. Qa2 Qc7 21. Ne2 Nh6
22. Bxh6 Rxh6 23. b3 Rxc1 24. Rxc1 Qb7 25. b4 Rh8 26. Rc3 Kd7 27. Qc2 g6 28.
Nf4 Rc8 29. Nd3 Rc4 30. Nc5+ Bxc5 31. dxc5 Qc7 32. Rxc4 bxc4 33. f4 Qc6 34. Kf2
Qb5 35. Ke3 Ke7 36. h3 Kd8 37. g4 hxg4 38. hxg4 Ke7 39. f5 gxf5 40. gxf5 f6 41.
exf6+ Kxf6 42. fxe6 Kxe6 43. Qg6+ Kd7 44. Qd6+ Kc8 45. Kd4 Qb7 46. c6 Qg7+ 47.
Kxd5 c3 48. Qe6+ Kd8 49. Qd6+ Kc8 50. Qc5 Qg5+ 0-1

[Event "16. Torneo San Viator - Grupo B"]
[Site "Madrid ESP"]
[Date "2016.05.08"]
[Round "5.11"]
[White "Sanchez Ortega, Ivan"]
[Black "Perez Carballeira, Francisco"]
[Result "1-0"]
[WhiteElo "1668"]
[BlackElo "1509"]
[PlyCount "57"]
[EventDate "2016.04.03"]
[EventType "swiss"]
[EventRounds "9"]
[EventCountry "ESP"]
[Source "lmi"]
[SourceDate "2016.04.03"]

1. d4 d5 2. Nf3 Bf5 3. Bf4 e6 4. e3 Nf6 5. Bd3 Bxd3 6. Qxd3 c6 7. O-O Nbd7 8.
Nbd2 Be7 9. h3 h6 10. Qb3 Qb6 11. Ne5 Qxb3 12. Nxb3 b6 13. Nxc6 Rc8 14. Nxe7
Rxc2 15. Bd6 Ne4 16. Ba3 a5 17. Rac1 Rxc1 18. Rxc1 Nf8 19. f3 Nf6 20. Nc6 N8d7
21. Ncxa5 Nf8 22. Nb7 Kd7 23. Nd6 Ng6 24. Nxf7 Rc8 25. Ne5+ Nxe5 26. dxe5 Rxc1+
27. Nxc1 Ne8 28. Nd3 Nc7 29. Bf8 1-0

[Event "16. Torneo San Viator - Grupo B"]
[Site "Madrid ESP"]
[Date "2016.05.08"]
[Round "5.12"]
[White "Benitez Cadenas, Luis Miguel"]
[Black "Cabello Rodriguez, Raul"]
[Result "0-1"]
[WhiteElo "1663"]
[BlackElo "1507"]
[PlyCount "118"]
[EventDate "2016.04.03"]
[EventType "swiss"]
[EventRounds "9"]
[EventCountry "ESP"]
[Source "lmi"]
[SourceDate "2016.04.03"]

1. d4 d5 2. Nf3 Nf6 3. c4 c6 4. Nc3 dxc4 5. e3 b5 6. a4 b4 7. Nb1 Ba6 8. Qc2 b3
9. Qd1 e6 10. Na3 Bb4+ 11. Bd2 Bxa3 12. Rxa3 Ne4 13. Qc1 Qd5 14. Ne5 c3 15.
Bxc3 Bxf1 16. Kxf1 Nd7 17. Nxd7 Kxd7 18. Qd1 Rab8 19. Qd3 c5 20. f3 Nxc3 21.
Qxc3 Rhc8 22. Ra1 cxd4 23. Qxd4 Qxd4 24. exd4 Rc2 25. Rb1 Rbc8 26. g3 R8c4 27.
a5 Rxd4 28. Ke1 Rdd2 29. Rd1 Rxd1+ 30. Kxd1 Rxb2 31. Kc1 Rc2+ 32. Kb1 Kc6 33.
h4 Kb5 34. Rd1 Kxa5 35. Rd7 a6 36. Rxf7 Ka4 37. Rxg7 Rf2 38. Rg4+ Ka3 39. Rc4
Rxf3 40. g4 e5 41. g5 Rf4 42. Rc5 Rxh4 43. Ra5+ Kb4 44. Rxa6 Rg4 45. Rh6 Rxg5
46. Rxh7 e4 47. Rb7+ Kc3 48. Rc7+ Kd4 49. Rd7+ Ke3 50. Kb2 Rb5 51. Re7 Kf3 52.
Rf7+ Ke2 53. Re7 e3 54. Rf7 Rd5 55. Kxb3 Kd1 56. Rf1+ Kd2 57. Rg1 e2 58. Kc4
Rd8 59. Ra1 e1=Q 0-1

[Event "16. Torneo San Viator - Grupo B"]
[Site "Madrid ESP"]
[Date "2016.05.08"]
[Round "5.13"]
[White "Suarez Arellano, Jorge"]
[Black "Caravantes Camacho, Fernando"]
[Result "1-0"]
[WhiteElo "1498"]
[BlackElo "1621"]
[PlyCount "32"]
[EventDate "2016.04.03"]
[EventType "swiss"]
[EventRounds "9"]
[EventCountry "ESP"]
[Source "lmi"]
[SourceDate "2016.04.03"]

1. e4 e6 2. d4 d5 3. e5 c5 4. c3 Nc6 5. Nf3 Bd7 6. a3 Qb6 7. b4 cxd4 8. cxd4
Rc8 9. Be3 Nge7 10. Bd3 Nf5 11. O-O Be7 12. Nbd2 Nfxd4 13. Nxd4 Nxd4 14. Qg4 f5
15. Bxd4 fxg4 16. Bxb6 g5 1-0

[Event "16. Torneo San Viator - Grupo B"]
[Site "Madrid ESP"]
[Date "2016.05.08"]
[Round "5.15"]
[White "Alonso Pardo, Daniel"]
[Black "Amador Andujar, Alfredo"]
[Result "0-1"]
[WhiteElo "1581"]
[BlackElo "1471"]
[PlyCount "63"]
[EventDate "2016.04.03"]
[EventType "swiss"]
[EventRounds "9"]
[EventCountry "ESP"]
[Source "lmi"]
[SourceDate "2016.04.03"]

1. e4 c5 2. Nf3 d6 3. h3 a6 4. c3 Nf6 5. Qc2 Qc7 6. a4 b6 7. Bc4 Bb7 8. d3 e6
9. O-O Be7 10. Re1 Nc6 11. Ba2 Rc8 12. Bf4 O-O 13. Qe2 e5 14. Be3 Ra8 15. Nbd2
b5 16. Bb3 b4 17. c4 Bc8 18. Nf1 Be6 19. Ng5 Bd7 20. Ng3 h6 21. Nf3 Be6 22. Nh4
Nxe4 23. Nxe4 Bxh4 24. Qh5 Qe7 25. Rf1 f5 26. Nxd6 Bxf2+ 27. Rxf2 Qxd6 28. Qg6
Rf6 29. Qh5 f4 30. Raf1 Raf8 31. Bc1 Bf7 32. Qe2 0-1